Antikoncepcia dnes: princípy výberu

Bibliographic Details
Format: Article
Language:Slovak
PhysicalDescription:Fotogr.
ISSN:1335-4477
Subjects:

MARC

LEADER 00000nab a2200000 a 4500
001 vtls008955315
003 SK-MaSNL
005 20260303070339.0
008 140303c2007 xo wrzp 0 0slo
015 |a SNBRB2007/03  |2 snkbucl 
040 |a SNKBUCL  |b slo  |c SNKBUCL  |e AACR2 
041 0 |a slo 
044 |a xo  |c SK 
080 |a 618.14-089.22  |2 1997 
080 |a 615.256  |2 1997 
245 0 0 |a Antikoncepcia dnes: princípy výberu  |c [spracoval] (mar) 
300 |a Fotogr. 
650 0 7 |a antikoncepcia  |2 snkbucl  |9 2485 
650 0 7 |a kontraceptíva  |2 snkbucl  |9 15119 
773 0 |t Zdravotnícke noviny  |g Roč. XII, č. 8 (2007)  |x 1335-4477 
773 0 |t Lekárske listy  |g Č. 8 (2007), s. 35-38 
852 |a SNK  |b KIS3GCP 
958 |a MI 
958 |a SK 
999 |c 1754985  |d 1756915